Construcción, interventoría y supervisión técnica de las edificaciones de concreto estructural:según el reglamento colombiano NSR-10/Harold Alberto Muñoz Muñoz (Registro nro. 18803)

Detalles MARC
000 -LEADER
fixed length control field 00589nam a22001811a 4500
001 - CONTROL NUMBER
control field 18803
003 - CONTROL NUMBER IDENTIFIER
control field OSt
005 - DATE AND TIME OF LATEST TRANSACTION
control field 20260204212422.0
008 - FIXED-LENGTH DATA ELEMENTS--GENERAL INFORMATION
fixed length control field 180904s2016||||ck ||||||b||||||||||spa||
020 ## - NUMERO DE LIBRO INTERNACIONAL NORMALIZADO
International Standard Book Number 9789588564135
082 ## - DEWEY DECIMAL CLASSIFICATION NUMBER
Classification number 690 M971c
100 ## - ASIENTO PRINCIPAL -- NOMBRE PERSONAL
Personal name Muñoz Muñoz,Harold Alberto
245 ## - TÍTULO PROPIAMENTE DICHO: SUBTÍTULO
Title Construcción, interventoría y supervisión técnica de las edificaciones de concreto estructural:según el reglamento colombiano NSR-10/Harold Alberto Muñoz Muñoz
264 ## - PRODUCTION, PUBLICATION, DISTRIBUTION, MANUFACTURE, AND COPYRIGHT NOTICE
Place of production, publication, distribution, manufacture Bogotá:Asocreto
300 ## - PHYSICAL DESCRIPTION
Extensión 371 p.
650 ## - ASIENTO SECUNDARIO DE MATERIA -- TERMINO TEMÁTICO
Termino Temático Como Elemento de Entrada Construcción-supervición técnicaÌ
942 ## - ADDED ENTRY ELEMENTS (KOHA)
Source of classification or shelving scheme Dewey Decimal Classification
Koha item type Libros
Existencias
Withdrawn status Lost status Source of classification or shelving scheme Damaged status Not for loan Current library Date acquired Total Checkouts Full call number Barcode Date last seen Price effective from Koha item type
    Dewey Decimal Classification     Biblioteca UTECO 09/09/2019   690 M971C 018405 09/09/2019 09/09/2019 Libros
© 2021 Derechos Reservados UTECO - Teléfono: +1 809-585-2291 - Correo electrónico: biblioteca@uteco.edu.do​  
Código postal 43000 ​​
Dirección: Avenida Universitaria No. 100, 
Cotuí, Provincia Sánchez Ramírez, República Dominicana - RNC: 404-00059-6